International marketing management: (Record no. 7252)

MARC details
000 -LEADER
fixed length control field 00880 a2200229 4500
005 - DATE AND TIME OF LATEST TRANSACTION
control field 20080925100843.0
008 - FIXED-LENGTH DATA ELEMENTS--GENERAL INFORMATION
fixed length control field 080925t xxu||||| |||| 00| 0 eng d
010 ## - LCCN (DPL NO)
LC control number ENG-87879
020 ## - INTERNATIONAL STANDARD BOOK NUMBER
International Standard Book Number 8180545822
Terms of availability 215.00
035 ## - SYSTEM CONTROL NUMBER
System control number EN-71412
037 ## - SOURCE OF ACQUISITION
Source of stock number/acquisition DBAD / PUB
082 ## - DEWEY DECIMAL CLASSIFICATION NUMBER
Classification number 658.848
100 ## - MAIN ENTRY--PERSONAL NAME
Personal name Varshney, R.L.
245 ## - TITLE STATEMENT
Title International marketing management:
Statement of responsibility, etc by R.L. Varshney [and] B. Bhattacharyya
Remainder of title an Indian perspective/
250 ## - EDITION STATEMENT
Edition statement 21st ed.
260 ## - PUBLICATION, DISTRIBUTION, ETC. (IMPRINT)
Place of publication, distribution, etc New Delhi
Name of publisher, distributor, etc Sultan Chand & Sons
Date of publication, distribution, etc 2007
270 ## - ADDRESS
Address 23, Darya Ganj,
City New Delhi
Postal code 110 002
300 ## - PHYSICAL DESCRIPTION
Extent various pagings:
Dimensions 24cm (pbk )
700 ## - ADDED ENTRY--PERSONAL NAME
Personal name Bhattacharyya, B.
942 ## - ADDED ENTRY ELEMENTS (KOHA)
Institution code [OBSOLETE] dpl
Item type English Books
Call number prefix 658.848 / VAR
Source of classification or shelving scheme Dewey Decimal Classification
Classification part 658.848
Call number suffix VAR
Holdings
Withdrawn status Lost status Source of classification or shelving scheme Damaged status Not for loan Collection code Home library Current library Date acquired Cost, normal purchase price Total Checkouts Full call number Barcode Date last seen Copy number Cost, replacement price Koha item type
    Dewey Decimal Classification   Not For Loan Non-fiction D.B.Act.Division D.B.Act.Division 25/09/2008 215.00   658.848 VAR EN-71412 15/09/2008 1 215.00 English Books

© Delhi Public Library
Hit Counter
free hit counter